| 000 | 00649nam a2200217 4500 | ||
|---|---|---|---|
| 999 |
_c8219 _d8219 |
||
| 001 | 21726 | ||
| 003 | BD-DhUAP | ||
| 005 | 20221109122057.0 | ||
| 008 | 221109b19062021ii a|||| |||| 001 0ceng d | ||
| 020 | _a9789391211264 | ||
| 040 |
_aBD-DhUAP _bENG _cBD-DhUAP _dBD-DhUAP _eBD-DhUAP |
||
| 082 |
_223 _a 340.590954 MUL |
||
| 100 | _aMulla, Sir Dinshaw Fardunji | ||
| 245 |
_aPrinciples of mahomedan law / _bSir Dinshaw Fardunji Mulla. |
||
| 250 | _a23 rd ed. | ||
| 260 |
_aNew Delhi : _bLexisnexis, _c2021. |
||
| 300 |
_acii, 872 p. ; _c24 cm. |
||
| 504 | _aIncludes Subject index. | ||
| 650 |
_2Islamic law -- India. _zIndia. |
||
| 942 |
_2ddc _cBK _e23 |
||